Strategic management : (Record no. 339641)
[ view plain ]
| 000 -LEADER | |
|---|---|
| fixed length control field | 00746nam a2200289Ia 4500 |
| 008 - FIXED-LENGTH DATA ELEMENTS--GENERAL INFORMATION | |
| fixed length control field | 170711s9999 xx 000 0 und d |
| 020 ## - INTERNATIONAL STANDARD BOOK NUMBER | |
| International Standard Book Number | 72443715 |
| 050 ## - LIBRARY OF CONGRESS CALL NUMBER | |
| Classification number | 658.4 |
| 050 ## - LIBRARY OF CONGRESS CALL NUMBER | |
| Item number | T482 2003 |
| 100 ## - MAIN ENTRY--PERSONAL NAME | |
| Personal name | Thompson, Richard |
| 245 ## - TITLE STATEMENT | |
| Title | Strategic management : |
| 245 ## - TITLE STATEMENT | |
| Remainder of title | concepts and cases / |
| 245 ## - TITLE STATEMENT | |
| Statement of responsibility, etc | Richard Thompson and A. J. Strickland III. |
| 260 ## - PUBLICATION, DISTRIBUTION, ETC. (IMPRINT) | |
| Place of publication, distribution, etc | New York : |
| 260 ## - PUBLICATION, DISTRIBUTION, ETC. (IMPRINT) | |
| Name of publisher, distributor, etc | McGraw Hill, |
| 260 ## - PUBLICATION, DISTRIBUTION, ETC. (IMPRINT) | |
| Date of publication, distribution, etc | 2003 |
| 300 ## - PHYSICAL DESCRIPTION | |
| Extent | xxiv, 788 pages : |
| 300 ## - PHYSICAL DESCRIPTION | |
| Other physical details | illustrations ; |
| 300 ## - PHYSICAL DESCRIPTION | |
| Dimensions | 24cm. |
| 500 ## - GENERAL NOTE | |
| General note | Includes indexes. |
| 650 ## - SUBJECT ADDED ENTRY--TOPICAL TERM | |
| Topical term or geographic name as entry element | Management. |
| 650 ## - SUBJECT ADDED ENTRY--TOPICAL TERM | |
| Topical term or geographic name as entry element | Strategic planning -- |
| 650 ## - SUBJECT ADDED ENTRY--TOPICAL TERM | |
| Topical term or geographic name as entry element | Strategic planning. |
| 650 ## - SUBJECT ADDED ENTRY--TOPICAL TERM | |
| General subdivision | Case studies. |
| 700 ## - ADDED ENTRY--PERSONAL NAME | |
| Personal name | Strickland, A. J., III. |
| 700 ## - ADDED ENTRY--PERSONAL NAME | |
| Personal name | Title. |
No items available.